| 000 | 01200cam a2200361 i 4500 | ||
|---|---|---|---|
| 001 | 005673631 | ||
| 003 | YEEZEN | ||
| 005 | 20241230153835.0 | ||
| 008 | 240102s2023 ch g 000 0 chi d | ||
| 020 |
_a9786263553408 _q(平裝) : _c新臺幣480元 |
||
| 040 |
_aNCNU _bchi _cNCNU _dNCNU _eCCR |
||
| 041 | 1 |
_achi _heng |
|
| 042 | _anbic | ||
| 086 |
_2419.5 _zncsclt |
||
| 090 | _a419.5 | ||
| 100 | 1 |
_aLee, Peter _e著 |
|
| 245 | 1 | 0 |
_aAI醫療革命 : _bGPT-4與未來 = The AI revolution in medicine : GPT-4 and beyond / _c彼得.李(Peter Lee)等著 ; 王家軒譯 |
| 246 | 3 | 1 |
_aThe AI revolution in medicine : _bGPT-4 and beyond. |
| 246 | 3 | 0 | _aGPT-4與未來 |
| 250 | _a第一版 | ||
| 260 |
_a臺北市 : _b遠見天下文化出版, _c2023.09 |
||
| 300 |
_a325面 ; _c21公分 |
||
| 490 | 1 |
_a科學文化 ; _v231. |
|
| 490 | 1 |
_aScience culture ; _v231. |
|
| 650 | 7 |
_a健康照護體系 _2lcstt. |
|
| 650 | 7 |
_a人工智慧 _2lcstt. |
|
| 700 | 1 |
_a王家軒 _e譯 |
|
| 740 | 0 | _aThe AI revolution in medicine : GPT-4 and beyond. | |
| 765 | 0 | _aThe AI revolution in medicine : GPT-4 and beyond. | |
| 830 | 0 |
_a科學文化 ; _v231. |
|
| 830 | 0 |
_aScience culture ; _v231. |
|
| 942 |
_2ccl _cBOOK |
||
| 999 |
_c7628 _d7628 |
||